Kolala krashna (Record no. 148419)

MARC details
000 -LEADER
fixed length control field 00566nam a2200205Ia 4500
003 - CONTROL NUMBER IDENTIFIER
control field OSt
005 - DATE AND TIME OF LATEST TRANSACTION
control field 20251219101457.0
008 - FIXED-LENGTH DATA ELEMENTS--GENERAL INFORMATION
fixed length control field 210210b1927 xxu||||| |||| 00| 0 eng d
040 ## - CATALOGING SOURCE
Transcribing agency AL
041 ## - LANGUAGE CODE
Language code of text/sound track or separate title Kannada
082 ## - DEWEY DECIMAL CLASSIFICATION NUMBER
Classification number 851/108
100 ## - MAIN ENTRY--PERSONAL NAME
Personal name GANAPATIRAV PANDESVARA
Dates associated with a name ಗಣಪತಿರಾವ್ ಪಾಂಡೇಶ್ವರ
9 (RLIN) 249511
245 ## - TITLE STATEMENT
Title Kolala krashna
Remainder of title ಕೊಳಲ ಕೃಷ್ಣ
260 ## - PUBLICATION, DISTRIBUTION, ETC.
Place of publication, distribution, etc. UDupi
Name of publisher, distributor, etc. -
Date of publication, distribution, etc. 1927
650 ## - SUBJECT ADDED ENTRY--TOPICAL TERM
Topical term or geographic name entry element krashNa
9 (RLIN) 249512
650 ## - SUBJECT ADDED ENTRY--TOPICAL TERM
Topical term or geographic name entry element KoLala
9 (RLIN) 249513
690 ## - LOCAL SUBJECT ADDED ENTRY--TOPICAL TERM (OCLC, RLIN)
Topical term or geographic name as entry element Kannada Poetry
9 (RLIN) 249514
906 ## - LOCAL DATA ELEMENT F, LDF (RLIN)
a 018125
942 ## - ADDED ENTRY ELEMENTS (KOHA)
Source of classification or shelving scheme Dewey Decimal Classification
Koha item type Book
Holdings
Withdrawn status Lost status Source of classification or shelving scheme Damaged status Not for loan Collection code Home library Current library Shelving location Date acquired Cost, normal purchase price Total Checkouts Full call number Barcode Date last seen Price effective from Koha item type
    Dewey Decimal Classification     Kannada St Aloysius Library St Aloysius Library   02/17/2021 0.00   851/108 018125 02/17/2021 02/17/2021 Book